Contabilidad práctica; tercer curso /

Guardado en:
Autor Principal: Louge, Pedro J. S.
Formato: Libro
Publicado: Argentina : Cesarini, 1981
Edición:29a. ed.
Materias:
Etiquetas: Agregar Etiqueta
Sin Etiquetas, Sea el primero en etiquetar este registro!
LEADER 00689nam a22001935a 4500
001 CEM.cems003917
005 19000101000000.0
008 130507s1981##################000#0#####d
003 CEMS
082 0 4 |a 657 
100 1 |a Louge, Pedro J. S. 
245 1 0 |a Contabilidad práctica; tercer curso / 
250 |a 29a. ed. 
260 |a Argentina :  |b Cesarini,  |c 1981 
300 |a 241 p. 
505 0 |a Sociedades anonimas, en comandita por acciones, responsabilidad limitada; cooperativas.-Asociaciones civiles.-Contabilidad agricolo-ganadera. -Contabilidad industrial. 
653 |a Contabilidad 
653 |a Contabilidad 3er. año 
859 |a CEMS  |b BIB. CEMS - 11 de abril  |h 657  |i L928-1a29/III  |p 12501.83  |t Ej.1